000 00284nam a22001337a 4500
020 _a0-7214-0473-1
082 _a823
_bHUN/J
100 _aHUNIA FRAN
245 _aJACK AND THE BEANSTALK
260 _aUK
_bLADY BIRD
300 _a50
650 _aENGLISH SHORT STORY
_zUK
942 _cBK
999 _c2623
_d2623